Представление документа в формате MARC21

ПолеНазваниеЗначение
  Тип записи a
  Библиографический уровень m
001 Контрольный номер RU/URAIT/562381
005 Дата корректировки 20260429163604.0
008 Кодируемые данные 260429s2025 RU y f j 000 0 rus u
020 Индекс ISBN __
a ISBN 978-5-534-02199-8
c Цена, тираж 1239.00
040 Источник каталогиз. __
a Служба первич. каталог. ИКО Юрайт
c Служба, преобразующая запись ИКО Юрайт
e Правила каталог. RCR
041 Код языка издания __
a Код языка текста rus
044 Код страны публикации __
a Код страны публикации RU
080 Индекс УДК __
a Индекс УДК 301
084 Индекс другой классификации/Индекс ББК __
2 Источник индекса rubbk
a Индекс другой классификации/Индекс ББК 60.5
100 Автор __
a Автор Ковалевский М. М.
q Полное имя Ковалевский Максим Максимович
245 Заглавие __
a Заглавие Социология. Сочинения в 2 т. Том 2
b Продолж. заглавия - (отсутствует)
c Ответственность М. М. Ковалевский.
256 Характеристики компьютерного файла __
a Характеристики компьютерного файла Электрон. дан.
260 Выходные данные __
a Место издания Москва
b Издательство Юрайт
c Дата издания 2025
300 Физическое описание __
a Объем 366 с
440 Серия __
a Серия Антология мысли
500 Примечания __
a Примечание URL: https://urait.ru/bcode/562381 (дата обращения: 29.04.2026).
520 Аннотация __
a Аннотация Предлагаемый вниманию читателя двухтомник включает I том «Социологии» М. М. Ковалевского и первую главу II тома, где дается понятие генетической социологии, а также его книгу «Современные социологи».
538 Прим. о системных особенностях __
a Прим. о системных особенностях Режим доступа: Электронно-библиотечная система Юрайт, для авториз. пользователей
653 Ключевые слова __
a Ключевые слова Социология
653 Ключевые слова __
a Ключевые слова Общественные науки
653 Ключевые слова __
a Ключевые слова История социологии
653 Ключевые слова __
a Ключевые слова Социология
653 Ключевые слова __
a Ключевые слова Основы социологии
653 Ключевые слова __
a Ключевые слова Введение в социологию
856 Электронный адрес документа 40
n Местонахождение сервера Юрайт
g Электронная книга
q Тип электронного формата html
h Имя пользователя ЮРАЙТ
v Часы доступа к ресурсу 20271231
2 Способ доступа Показать документ
x Служебное примечание https://urait.ru/book/cover/17E23377-59E6-4135-8FFA-E8B0A3F86CC4
u URL https://urait.ru/bcode/562381
856 Электронный адрес документа 48
q Тип электронного формата cover
u URL https://urait.ru/book/cover/17E23377-59E6-4135-8FFA-E8B0A3F86CC4
911 __
u 0030=https://urait.ru/bcode/562381
911 __
u 073a=9785534021998
u 073d=1239.00
911 __
u 106a=s
911 __
u 900l=
952 Тип литературы __
i Дисциплина История социологии
952 Тип литературы __
i Дисциплина Социология
952 Тип литературы __
i Дисциплина Основы социологии
952 Тип литературы __
i Дисциплина Введение в социологию